Die Gebigsphotographie (Record no. 5419)

MARC details
000 -CABECERA
campo de control de longitud fija 00584nam a2200205 a 4500
001 - NÚMERO DE CONTROL
campo de control BRCA_5729
005 - FECHA Y HORA DE LA ÚLTIMA TRANSACCIÓN
campo de control 20190320205208.0
008 - DATOS DE LONGITUD FIJA--INFORMACIÓN GENERAL
campo de control de longitud fija 040311s1934----gw-ao#####---#000-0#ger-#
041 ## - CÓDIGO DE LENGUA
Código de lengua del texto/banda sonora o título independiente ger
044 ## - CÓDIGO DEL PAÍS DE LA ENTIDAD EDITORA/PRODUCTORA
Código MARC del país gw
050 #4 - SIGNATURA TOPOGRÁFICA DE LA BIBLIOTECA DEL CONGRESO
Número de clasificación TR650
Número de documento/Ítem .B35 1934
100 1# - ENTRADA PRINCIPAL--NOMBRE DE PERSONA
Nombre de persona Ballerstedt, Otto
9 (RLIN) 14539
245 10 - MENCIÓN DE TÍTULO
Título Die Gebigsphotographie
Resto del título Ein Feld der Freude für jeden Photographierenden
Mención de responsabilidad, etc. Otto Ballerstedt.
260 ## - PUBLICACIÓN, DISTRIBUCIÓN, ETC.
Lugar de publicación, distribución, etc. Munich
Nombre del editor, distribuidor, etc. Hoffman und Reiber
Fecha de publicación, distribución, etc. 1934
300 ## - DESCRIPCIÓN FÍSICA
Extensión 48 p.
Otras características físicas il., 18 láminas
Dimensiones 21 cm.
500 ## - NOTA GENERAL
Nota general H48
650 14 - PUNTO DE ACCESO ADICIONAL DE MATERIA--TÉRMINO DE MATERIA
Término de materia o nombre geográfico como elemento de entrada Fotografía
Subdivisión geográfica Alemania
9 (RLIN) 14540
902 ## - CATALOGADOR
Iniciales GFM
942 ## - ELEMENTOS DE PUNTO DE ACCESO ADICIONAL (KOHA)
Fuente del sistema de clasificación o colocación Library of Congress Classification
Tipo de ítem Koha Libros
Holdings
Estado de retiro Estado de pérdida Estado dañado No para préstamo Localización permanente Ubicación/localización actual Fecha de adquisición Número de inventario Total de préstamos Signatura topográfica completa Código de barras Fecha visto por última vez Precio válido a partir de Tipo de ítem Koha
El ejemplar forma parte de la colección y puede ser consultado según las políticas vigentes.       Biblioteca del Museo Franz Mayer (Rogerio Casas-Alatriste) Biblioteca del Museo Franz Mayer (Rogerio Casas-Alatriste) 04/03/2011 H48   TR650 .B35 1934 (H48) 6165 22/03/2019 22/03/2019 Libros